[Event "RUS-ch Silent (Women)"]
[Site "Zelenograd"]
[Date "2020.10.05"]
[Round "3"]
[White "Kireeva, Ljubov"]
[Black "Panina, Valeria"]
[Result "0-1"]
[WhiteElo "1843"]
[BlackElo "1789"]
[PlyCount "100"]
[EventDate "2020.10.03"]
[EventType "tourn"]
[EventRounds "9"]
[EventCountry "RUS"]
[SourceTitle "EXT 2022"]
[Source "ChessBase"]
[SourceDate "2021.10.06"]
[SourceVersion "1"]
[SourceVersionDate "2021.10.06"]
[SourceQuality "1"]

1. d4 Nf6 2. Nf3 e6 3. Bf4 d5 4. e3 c5 5. c3 Nc6 6. Bd3 cxd4 7. exd4 Bd6 8. Ne5 Qc7 9. Bb5 Nd7 10. Bxc6 bxc6 11. 0-0 Nxe5 12. dxe5 Bxe5 13. Bxe5 Qxe5 14. Nd2 0-0 15. Nf3 Qf6 16. Re1 Rb8 17. Qd2 Re8 18. Re5 Qd8 19. b4 f6 20. Re3 e5 21. h3 Be6 22. Rae1 Qb6 23. a3 a5 24. Nd4 exd4 25. Rxe6 Rxe6 26. Rxe6 dxc3 27. Qxc3 axb4 28. axb4 d4 29. Qc4 Kh8 30. Rxc6 Qd8 31. Qd3 Rxb4 32. Rc1 h6 33. Rd1 Qb6 34. g3 Qe6 35. Kg2 Qc6+ 36. Qf3 Qe6 37. Qd3 f5 38. f3 Rb3 39. Qc2 Ra3 40. Rd2 Qd5 41. Rf2 d3 42. Qd2 Rb3 43. Qa2 Qc4 44. Rd2 Qc1 45. f4 Rb1 46. Kf3 Qh1+ 47. Ke3 Qe4+ 48. Kf2 Rh1 49. g4 Rxh3 50. gxf5 Qf3+ 0-1

[Event "RUS-ch Silent (Women)"]
[Site "Zelenograd"]
[Date "2018.10.31"]
[Round "8"]
[White "Kireeva, Ljubov"]
[Black "Balakhieva, Klavdia"]
[Result "1-0"]
[WhiteElo "1920"]
[BlackElo "1399"]
[PlyCount "71"]
[EventDate "2018.10.25"]
[EventType "tourn"]
[EventRounds "11"]
[EventCountry "RUS"]
[SourceTitle "EXT 2020"]
[Source "ChessBase"]
[SourceDate "2019.10.17"]
[SourceVersion "1"]
[SourceVersionDate "2019.10.17"]
[SourceQuality "1"]

1. e4 e5 2. Nf3 Nc6 3. Bc4 h6 4. 0-0 Nf6 5. Nc3 d6 6. h3 Rg8 7. d4 exd4 8. Nxd4 g5 9. Be2 Ne5 10. Nf3 g4 11. Nxe5 gxh3 12. g3 d5 13. exd5 Bc5 14. Kh2 Bd6 15. Bf4 Ng4+ 16. Nxg4 Bxf4 17. Qd4 Bd6 18. Nf6+ Kf8 19. Nxg8 Kxg8 20. Nb5 Bf8 21. Bg4 Bg7 22. Qe4 f5 23. Bxf5 Bxf5 24. Qxf5 Qe8 25. Nxc7 Qe5 26. Qe6+ Qxe6 27. Nxe6 Kf7 28. Nxg7 Kxg7 29. c4 Rc8 30. b3 Kf6 31. Rfe1 Kf5 32. Kxh3 h5 33. f4 Kf6 34. Re6+ Kf5 35. Rae1 h4 36. R1e5# 1-0

[Event "RUS-ch Silent (Women)"]
[Site "Zelenograd"]
[Date "2018.10.30"]
[Round "7"]
[White "Cherepanina, Anastasiya"]
[Black "Kireeva, Ljubov"]
[Result "0-1"]
[WhiteElo "1255"]
[BlackElo "1920"]
[PlyCount "66"]
[EventDate "2018.10.25"]
[EventType "tourn"]
[EventRounds "11"]
[EventCountry "RUS"]
[SourceTitle "EXT 2020"]
[Source "ChessBase"]
[SourceDate "2019.10.17"]
[SourceVersion "1"]
[SourceVersionDate "2019.10.17"]
[SourceQuality "1"]

1. e4 Nf6 2. Nc3 d5 3. f3 d4 4. e5 dxc3 5. exf6 cxb2 6. Bxb2 exf6 7. Qe2+ Qe7 8. 0-0-0 Qxe2 9. Bxe2 Be6 10. Bd3 Bd6 11. Kb1 Nd7 12. Ne2 Nc5 13. Nc3 Nxd3 14. cxd3 0-0 15. d4 c6 16. Ne4 Bf5 17. Rhe1 Bxh2 18. d3 Bxe4 19. dxe4 Bg3 20. Re3 Rfd8 21. d5 c5 22. Ba3 b6 23. Rc3 Bd6 24. Rdc1 Rac8 25. g4 h6 26. Kb2 Be5 27. f4 Bxf4 28. Rf1 Be5 29. Rd1 Bxc3+ 30. Kxc3 b5 31. Bc1 g5 32. Rf1 Kg7 33. a3 Rd6 0-1

[Event "RUS-ch Silent (Women)"]
[Site "Zelenograd"]
[Date "2018.10.26"]
[Round "2"]
[White "Kireeva, Ljubov"]
[Black "Gerasimova, Olga"]
[Result "0-1"]
[WhiteElo "1920"]
[BlackElo "2010"]
[PlyCount "86"]
[EventDate "2018.10.25"]
[EventType "tourn"]
[EventRounds "11"]
[EventCountry "RUS"]
[SourceTitle "EXT 2020"]
[Source "ChessBase"]
[SourceDate "2019.10.17"]
[SourceVersion "1"]
[SourceVersionDate "2019.10.17"]
[SourceQuality "1"]

1. d4 Nf6 2. c4 g6 3. Nc3 d5 4. Bf4 c6 5. e3 Bg7 6. h4 Qa5 7. Qd2 Nbd7 8. a3 dxc4 9. Bxc4 Nb6 10. Ba2 Nbd5 11. b4 Qxa3 12. Nxd5 Nxd5 13. Rb1 Qc3 14. Bxd5 Qxd2+ 15. Kxd2 cxd5 16. Ne2 0-0 17. Rhc1 Bf5 18. Ra1 Rfc8 19. Nc3 Be6 20. Nb5 Rxc1 21. Rxc1 a6 22. Nc7 Rc8 23. Rc5 b6 24. Rc6 Bf5 25. Rxb6 e5 26. Bxe5 Bxe5 27. Nxd5 Rc2+ 28. Kd1 Bc7 29. Rxa6 Kg7 30. Nxc7 Rxc7 31. Ra2 Be6 32. Rb2 f5 33. Kd2 h6 34. b5 g5 35. hxg5 hxg5 36. b6 Rb7 37. g3 g4 38. Kd3 Kf6 39. e4 Ke7 40. d5 fxe4+ 41. Kxe4 Bf7 42. Kd4 Kd7 43. Ke5 Bg8 0-1

[Event "RUS-ch Silent (Women)"]
[Site "Zelenograd"]
[Date "2018.10.25"]
[Round "1"]
[White "Panina, Valeria"]
[Black "Kireeva, Ljubov"]
[Result "0-1"]
[WhiteElo "1743"]
[BlackElo "1920"]
[PlyCount "68"]
[EventDate "2018.10.25"]
[EventType "tourn"]
[EventRounds "11"]
[EventCountry "RUS"]
[SourceTitle "EXT 2020"]
[Source "ChessBase"]
[SourceDate "2019.10.17"]
[SourceVersion "1"]
[SourceVersionDate "2019.10.17"]
[SourceQuality "1"]

1. e4 c6 2. d4 d5 3. exd5 cxd5 4. Bd3 g6 5. Bf4 Bg7 6. Nf3 Nc6 7. c3 Nh6 8. h3 Nf5 9. Qe2 0-0 10. 0-0 f6 11. Nbd2 Re8 12. Rfe1 e5 13. dxe5 fxe5 14. Nf1 Bd7 15. Bg5 Qc7 16. Bc2 h6 17. Bd2 e4 18. N3h2 Na5 19. Bb3 Nxb3 20. axb3 a6 21. f3 Qb6+ 22. Kh1 Qxb3 23. fxe4 Rxe4 24. Qf3 Rxe1 25. Rxe1 Bc6 26. Qg4 d4 27. cxd4 h5 28. Qxg6 Nh4 29. Qg5 Nxg2 30. Re7 Nf4+ 31. Nf3 Qxf3+ 32. Kh2 Qxh3+ 33. Kg1 Qh1+ 34. Kf2 Nh3+ 0-1

[Event "RUS-ch Silent (Women)"]
[Site "Zelenograd"]
[Date "2015.06.02"]
[Round "1"]
[White "Malina, Olga"]
[Black "Kireeva, Ljubov"]
[Result "1-0"]
[WhiteElo "1758"]
[BlackElo "2015"]
[PlyCount "87"]
[EventDate "2015.06.02"]
[EventType "tourn"]
[EventRounds "13"]
[EventCountry "RUS"]
[SourceTitle "EXT 2018"]
[Source "ChessBase"]
[SourceDate "2017.10.13"]
[SourceVersion "1"]
[SourceVersionDate "2017.10.13"]
[SourceQuality "1"]

1. e4 d5 2. exd5 Qxd5 3. Nc3 Qa5 4. Nf3 Bf5 5. Bc4 e6 6. a3 c6 7. 0-0 Nd7 8. d3 Bd6 9. Nh4 Bg6 10. Ne4 Be7 11. Nxg6 hxg6 12. f4 Ngf6 13. Be3 Nxe4 14. dxe4 Bc5 15. Qe2 Bxe3+ 16. Qxe3 Qh5 17. h3 Qc5 18. Qxc5 Nxc5 19. Rfe1 Rh4 20. b4 Na4 21. Bb3 Nc3 22. Re3 Nb5 23. f5 e5 24. fxg6 f6 25. g4 Nd4 26. Kf2 Nxb3 27. cxb3 Rd8 28. Ke2 Rh6 29. a4 Rxg6 30. Rd1 Rxd1 31. Kxd1 Rh6 32. a5 a6 33. Kc2 Rh8 34. Rd3 g5 35. Kc3 Ke7 36. Kc4 Rd8 37. Re3 Rd1 38. Kc5 Kd7 39. Re2 Kc7 40. Rf2 Re1 41. Rxf6 Rxe4 42. Rf7+ Kb8 43. Kb6 Re3 44. Rf8# 1-0

[Event "Zelenograd Summer Silent op"]
[Site "Zelenograd"]
[Date "2014.06.10"]
[Round "6"]
[White "Kireeva, Ljubov"]
[Black "Alieva, Viktoria"]
[Result "0-1"]
[WhiteElo "2042"]
[BlackElo "1524"]
[PlyCount "60"]
[EventDate "2014.06.04"]
[EventType "swiss"]
[EventRounds "9"]
[EventCountry "RUS"]
[SourceTitle "CBM 161 Extra"]
[Source "ChessBase"]
[SourceDate "2014.08.29"]
[SourceVersion "1"]
[SourceVersionDate "2014.08.29"]
[SourceQuality "1"]

1. e4 c6 2. d4 d5 3. e5 Bf5 4. Bd3 Bxd3 5. Qxd3 e6 6. a3 Qb6 7. c3 c5 8. b4 c4 9. Qg3 Ne7 10. Ne2 Nf5 11. Qh3 a5 12. Bd2 axb4 13. cxb4 Nxd4 14. Nxd4 Qxd4 15. Bc3 Qe4+ 16. Kd1 d4 17. Re1 Qf4 18. Bd2 Qxf2 19. Nc3 dxc3 20. Bxc3 b5 21. Re2 Qb6 22. Qf3 Qc6 23. Qh5 g6 24. Qh4 Bg7 25. Kc2 0-0 26. Kb2 Qa6 27. a4 bxa4 28. Ka3 Nc6 29. Rd1 Rab8 30. Rd6 Qb5 0-1

[Event "Zelenograd Summer Silent op"]
[Site "Zelenograd"]
[Date "2014.06.09"]
[Round "5"]
[White "Kireeva, Ljubov"]
[Black "Malyuga, Valentin"]
[Result "0-1"]
[WhiteElo "2042"]
[BlackElo "2132"]
[PlyCount "56"]
[EventDate "2014.06.04"]
[EventType "swiss"]
[EventRounds "9"]
[EventCountry "RUS"]
[SourceTitle "CBM 161 Extra"]
[Source "ChessBase"]
[SourceDate "2014.08.29"]
[SourceVersion "1"]
[SourceVersionDate "2014.08.29"]
[SourceQuality "1"]

1. e4 g6 2. d4 Bg7 3. c3 d6 4. Be3 Nf6 5. f3 0-0 6. Qd2 e5 7. Na3 exd4 8. cxd4 a5 9. 0-0-0 Nc6 10. Kb1 Nb4 11. Nc4 b6 12. a3 Na6 13. Qc3 Bb7 14. Nd2 Re8 15. Nh3 h6 16. Nf2 Qe7 17. Rc1 Nd5 18. Qb3 a4 19. Qd3 c5 20. Bxh6 Bxh6 21. exd5 cxd4 22. Ng4 Bg7 23. Qb5 Nc7 24. Qxb6 Nxd5 25. Qb5 Ne3 26. Nxe3 dxe3 27. Ne4 Bxe4+ 28. fxe4 Reb8 0-1

[Event "W-ch Disabled"]
[Site "Dresden"]
[Date "2013.10.26"]
[Round "5"]
[White "Markov, Ilja"]
[Black "Kireeva, Ljubov"]
[Result "1-0"]
[WhiteElo "1917"]
[BlackElo "2061"]
[PlyCount "95"]
[EventDate "2013.10.22"]
[EventType "swiss"]
[EventRounds "7"]
[EventCountry "GER"]
[SourceTitle "CBM 157 Extra"]
[Source "ChessBase"]
[SourceDate "2013.12.19"]
[SourceVersion "1"]
[SourceVersionDate "2013.12.19"]
[SourceQuality "1"]

1. e4 c6 2. d4 d5 3. exd5 cxd5 4. Nf3 Nc6 5. c4 Nf6 6. Nc3 e6 7. Be2 Be7 8. 0-0 a6 9. Re1 0-0 10. b3 Bb4 11. Bb2 Ne4 12. Qc2 f5 13. a3 Bxc3 14. Bxc3 Qf6 15. Bb2 h5 16. Rad1 g5 17. Ne5 h4 18. f3 Nd6 19. Qd2 Qg7 20. Nxc6 bxc6 21. Bc1 f4 22. Bb2 Nf5 23. Bf1 Bd7 24. Re5 Rab8 25. b4 Ne3 26. Rxe3 fxe3 27. Qxe3 Rbe8 28. h3 Qf6 29. Bc1 Qf4 30. Qxf4 gxf4 31. Re1 Re7 32. cxd5 cxd5 33. Bxa6 Rg7 34. Kh2 Kh7 35. Bf1 Kh6 36. Bd2 Kh5 37. b5 Kg5 38. Re5+ Rf5 39. Re1 Rf8 40. Bb4 Ra8 41. Re5+ Kf6 42. Rh5 Kg6 43. Rxh4 e5 44. dxe5 Kg5 45. g3 fxg3+ 46. Kxg3 Kf5+ 47. Kf2 Kg5 48. Rd4 1-0

[Event "W-ch Disabled"]
[Site "Dresden"]
[Date "2013.10.22"]
[Round "1"]
[White "Visco, Michele"]
[Black "Kireeva, Ljubov"]
[Result "0-1"]
[WhiteElo "1515"]
[BlackElo "2061"]
[PlyCount "76"]
[EventDate "2013.10.22"]
[EventType "swiss"]
[EventRounds "7"]
[EventCountry "GER"]
[SourceTitle "CBM 157 Extra"]
[Source "ChessBase"]
[SourceDate "2013.12.19"]
[SourceVersion "1"]
[SourceVersionDate "2013.12.19"]
[SourceQuality "1"]

1. c4 f5 2. Nc3 Nf6 3. d3 c6 4. e3 g6 5. Be2 Bg7 6. Bd2 0-0 7. Nf3 d6 8. 0-0 Qe8 9. h3 e5 10. Re1 Nbd7 11. d4 e4 12. Nh2 a6 13. d5 cxd5 14. cxd5 b5 15. b4 Bb7 16. Qb3 Rc8 17. a3 Nb6 18. Rad1 Kh8 19. Nf1 Nfxd5 20. Nxd5 Bxd5 21. Qb1 Bc4 22. Bxc4 Nxc4 23. Qb3 Ne5 24. Re2 Rc4 25. Kh1 Qc6 26. Be1 d5 27. Red2 Nd3 28. Ng3 Rc3 29. Qa2 Qc4 30. Ne2 Qxa2 31. Rxa2 Rc4 32. Rad2 Rfc8 33. Nf4 Nxf4 34. exf4 d4 35. Kh2 Kg8 36. g3 d3 37. Ra2 Rc2 38. Rxc2 dxc2 0-1

[Event "RUS-ch Silent (Women)"]
[Site "Zelenograd"]
[Date "2013.09.30"]
[Round "9"]
[White "Alieva, Viktoria"]
[Black "Kireeva, Ljubov"]
[Result "1-0"]
[WhiteElo "1486"]
[BlackElo "2061"]
[PlyCount "71"]
[EventDate "2013.09.22"]
[EventType "tourn"]
[EventRounds "11"]
[EventCountry "RUS"]
[SourceTitle "EXT 2016"]
[Source "ChessBase"]
[SourceDate "2015.10.08"]
[SourceVersion "1"]
[SourceVersionDate "2015.10.08"]
[SourceQuality "1"]

1. d4 f5 2. Nc3 Nf6 3. Bg5 g6 4. Qd2 Bg7 5. Bh6 0-0 6. Bxg7 Kxg7 7. Qf4 d6 8. 0-0-0 c6 9. Nf3 Na6 10. e4 fxe4 11. Nxe4 Nxe4 12. Qxe4 Bf5 13. Qe1 Qc7 14. Bd3 Bg4 15. Ng5 h6 16. Qe4 Rf6 17. Qxg4 hxg5 18. Qxg5 Nb4 19. a3 Nxd3+ 20. Rxd3 Rf5 21. Qg4 Raf8 22. Rg3 R8f6 23. h4 Kh6 24. h5 g5 25. f4 Qa5 26. fxg5+ Rxg5 27. Qc8 Rxg3 28. Qh8+ Kg5 29. Qg7+ Kf5 30. Qxg3 Ke6 31. h6 Kf7 32. Qg7+ Ke8 33. h7 Rf2 34. h8Q+ Kd7 35. Re1 Qf5 36. Qh3 1-0

[Event "RUS-ch Silent (Women)"]
[Site "Zelenograd"]
[Date "2013.09.29"]
[Round "8"]
[White "Kireeva, Ljubov"]
[Black "Malina, Olga"]
[Result "1-0"]
[WhiteElo "2061"]
[BlackElo "1790"]
[PlyCount "69"]
[EventDate "2013.09.22"]
[EventType "tourn"]
[EventRounds "11"]
[EventCountry "RUS"]
[SourceTitle "EXT 2016"]
[Source "ChessBase"]
[SourceDate "2015.10.08"]
[SourceVersion "1"]
[SourceVersionDate "2015.10.08"]
[SourceQuality "1"]

1. d4 d5 2. c4 Nf6 3. Nc3 dxc4 4. e4 b6 5. Bxc4 e6 6. Nge2 Bb4 7. 0-0 0-0 8. Bg5 h6 9. Bh4 Be7 10. Bxf6 Bxf6 11. e5 Be7 12. d5 f6 13. Nf4 fxe5 14. Ng6 Rf5 15. Bd3 exd5 16. Bxf5 Bxf5 17. Nxe7+ Qxe7 18. Qxd5+ Qe6 19. Qxa8 Qc8 20. Qd5+ Qe6 21. Qxe6+ Bxe6 22. Rfe1 Nd7 23. Rad1 Kf7 24. Rxd7+ Bxd7 25. Rxe5 g6 26. f4 Kf6 27. Kf2 g5 28. g3 h5 29. Rxg5 Be8 30. h3 a5 31. a3 b5 32. b4 axb4 33. axb4 Bg6 34. g4 h4 35. Rc5 1-0